Statistics for Billboard Top 100 2016

Click here to take the quiz!

General Stats

  • This quiz has been taken 22 times
  • The average score is 31 of 100

Answer Stats

NumberArtistSong% Correct
7AdeleHello
82%
66Nick Jonas ft Tove LoClose
76%
10The Chainsmokers ft HalseyCloser
76%
1Justin BieberLove Yourself
76%
71BeyonceSorry
76%
2Justin BieberSorry
76%
5twenty one pilotsStressed Out
76%
12Lukas Graham7 Years
71%
18DNCECake By The Ocean
71%
4Rihanna ft DrakeWork
71%
3Drake ft WizKid & KylaOne Dance
65%
9Justin TimberlakeCan't Stop The Feeling!
59%
24DrakeHotline Bling
59%
6DesiignerPanda
59%
22ZaynPillowtalk
59%
99Wiz Khalifa ft Charlie PuthSee You Again
59%
23Shawn MendesStitches
59%
16Fifth Harmony ft Ty Dolla $ignWork From Home
59%
11Sia ft Sean PaulCheap Thrills
53%
25Major Lazer ft Justin Bieber & MOCold Water
53%
35Bryson TillerDon't
53%
47DJ Snake ft Justin BieberLet Me Love You
53%
19G-Eazy x Bebe RexhaMe, Myself, & I
53%
17Calvin Harris ft RihannaThis Is What You Came For
53%
8The Chainsmokers ft DayaDon't Let Me Down
47%
32The WeekndThe Hills
47%
28Shawn MendesTreat You Better
47%
50Charlie Puth ft Selena GomezWe Don't Talk Anymore
47%
63Elle KingEx's & Oh's
41%
39Alessia CaraHere
41%
86Shawn Mendes & Camila CabelloI Know What You Did Last Summer
41%
15Mike PosnerI Took A Pill In Ibiza
41%
85Major Lazer & DJ Snake ft MOLean On
41%
42Meghan Trainor ft John LegendLike I'm Gonna Lose You
41%
14Flo RidaMy House
41%
77Ariana Grande ft Nicki MinajSide To Side
41%
58The Weeknd ft Daft PunkStarboy
41%
31Justin BieberWhat Do You Mean?
41%
21twenty one pilotsHeathens
35%
38gnash ft Olivia O'BrienI Hate U I Love U
35%
51Ariana GrandeInto You
35%
76Ruth BLost Boy
35%
13RihannaNeeded Me
35%
45Meghan TrainorNo
35%
20twenty one pilotsRide
35%
54Fetty Wap ft Remy Boyz679
29%
72The WeekndCan't Feel My Face
29%
36Ariana GrandeDangerous Woman
29%
33P!nkJust Like Fire
29%
46Zara Larsson & MNEKNever Forget You
29%
27The Chainsmokers ft RozesRoses
29%
94Hailee Steinfeld & Grey ft ZeddStarving
29%
34D.R.A.M. ft Lil YachtyBroccoli
24%
56Selena GomezHands To Myself
24%
62Meghan TrainorMe Too
24%
40Selena GomezSame Old Love
24%
26AdeleSend My Love (To Your New Lover)
24%
78DayaSit Still, Look Pretty
24%
29Drake ft RihannaToo Good
24%
65Post MaloneWhite Iverson
24%
57Kevin Gates2 Phones
18%
88Fat Joe & Remy Ma ft French Montana & InfraredAll The Way Up
18%
75Travis ScottAntidote
18%
37Drake & FutureJumpman
18%
60Flume ft KaiNever Be Like You
18%
43Charlie PuthOne Call Away
18%
98DesiignerTiimmy Turner
18%
41DrakeControlla
12%
48Kent JonesDon't Mind
12%
59DJ Khaled ft DrakeFor Free
12%
52KiiaraGold
12%
84DayaHide Away
12%
73ColdplayHymn For The Weekend
12%
44James BayLet It Go
12%
30Future ft The WeekndLow Life
12%
55JeremihOui
12%
82Drake ft The ThronePop Style
12%
68Lil Wayne, Wiz Khalifa, & Imagine Dragons With Logic & Ty Dolla $ign ft X AmbassadorsSucker For Pain
12%
67X AmbassadorsUnsteady
12%
83AdeleWhen We Were Young
12%
79Taylor SwiftWildest Dreams
12%
64Thomas RhettDie A Happy Man
6%
69Yo Gotti ft Nicki MinajDown In The DM
6%
53Bryson TillerExchange
6%
49Florida Georgia LineH.O.L.Y.
6%
61The WeekndIn The Night
6%
70Tory LanezLuv
6%
80DJ Snake ft Bipolar SunshineMiddle
6%
81Ellie GouldingOn My Mind
6%
100One DirectionPerfect
6%
74Tory LanezSay It
6%
87Watch MeSilento
6%
97FutureWicked
6%
95ColdplayAdventure Of A Lifetime
0%
93Fifth Harmony ft Fetty WapAll In My Head (Flex)
0%
89Chris BrownBack To Sleep
0%
91O.T. Genassis ft Young DolphCut It
0%
96Tim McGrawHumble And Kind
0%
90Usher ft Young ThugNo Limit
0%
92Kevin GatesReally Really
0%

Score Distribution

Percentile by Number Answered

Percent of People with Each Score

Your Score History

You have not taken this quiz